000 00276nam a2200121Ia 4500
008 230303s9999 xx 000 0 und d
041 _aeng
082 _a005.133 PEW
100 _aPEW (JOHN A)
245 _aInstant Java
260 _aNew Delhi
_bPRENTICE HALL
365 _cRS
999 _c176307
_d176307